01448nam a2200229Ia 4500003000400000005001700004008004100021020001800062040001800080041000800098082002600106245007600132250001200208260004400220300003000264500080200294650001901096650002401115650002801139700003001167700002101197OSt20260316160628.0210716s2012 xx 000 0 und d a9788132105008 cAIMIT LIBRARY aeng a001.0723321 21bCHAR aCapital markets in India /cEdited by Rajesh Chakrabarti and Sankar De. a1st ed. aNew Delhi :bSage Publications ,c2012. axxii,392p. ;bPBc22.5 cm aThis book provides a comprehensive picture of the recent trends and developments in the Indian finance scenario. It provides the reader with a comprehensive description and assessment of the Indian capital markets and an analytical approach together with a description of major recent developments and the current status of the finance sector. The collection deals with issues like brokerage, security analysis, and underwriting, as well as the legal infrastructure of the markets. It focuses primarily on the Indian stock markets, corporate bond markets and derivatives markets. It also looks at the importance of asset management companies such as those involved with mutual funds, pension funds and venture capital funds to gain a better understanding of the asset management industry in India. aEquity markets aDerivatives markets aThe securities industry aChakrabarti Rajesh., ed.  aDe, Sankar., ed.